000 00673nam a2200241Ia 4500
003 OSt
005 20220923211949.0
006 a|||||r|||| 00| 0
007 ta
008 220922b |||||||| |||| 00| 0 hin d
024 _a75,602
037 _cTextual
040 _aARTS
_cARTS
_bhin
041 _2hin
_ahin
082 _aR65,6, 152L0.2
100 _aभार्गव, दीनानाथ
_9156271
245 0 _aगीताज्ञान
246 _aGītājnyāna
260 _c1970
650 _aभगवत् गीता
942 _hR65,6, 152L0.2
_cTEXL
_2CC
999 _c304979
_d304979